Sisters in Literature Quiz Stats

 Plays Quiz Updated Mar 19, 2016

Challenge
Share
Tweet
Embed
Score 0/20 Timer 04:00
1 Play Today
% Correct
The Hunger Games
92.6%
Little Women
91.2%
Gone With the Wind
77.8%
A Streetcar Named Desire
77.5%
The Lion, the Witch and the Wardrobe
74.5%
Pride and Prejudice
70.2%
Little House on the Prairie
69.8%
King Lear
69.3%
Harry Potter and the Goblet of Fire
64.2%
Three Sisters
62.2%
% Correct
The Color Purple
56.3%
Sense and Sensibility
47.7%
The Grapes of Wrath
36.7%
The Lovely Bones
35%
The Boxcar Children
33.4%
My Sister's Keeper
33.1%
Franny and Zooey
32.8%
Brideshead Revisited
25.8%
Middlemarch
24.3%
Women in Love
20.8%

You're not logged in!

Compare scores with friends on all Sporcle quizzes.
Join for Free
OR
Log In

You Might Also Like...

Show Comments

Extras

Top Quizzes Today


Score Distribution

Your Account Isn't Verified!

In order to create a playlist on Sporcle, you need to verify the email address you used during registration. Go to your Sporcle Settings to finish the process.

Report this User

Report this user for behavior that violates our Community Guidelines.

Details: